[Event "WJun Women"]
[Site "Athens GRE"]
[Date "2001.08.16"]
[EventDate "2001.08.16"]
[Round "1"]
[Result "1-0"]
[White "Koneru Humpy"]
[Black "Sarai Carolina Sanchez Castillo"]
[WhiteElo "2387"]
[BlackElo "2108"]
[PlyCount "89"]

1. Nf3 e6 2. g3 d5 3. Bg2 c5 4. O-O Nc6 5. d4 Nf6 6. c4 cxd4
7. Nxd4 Qb6 8. Nxc6 bxc6 9. cxd5 cxd5 10. Nc3 Bd7 11. Rb1 Rc8
12. Be3 Qa5 13. Bd4 Be7 14. Qd2 Bc6 15. Rfd1 Qc7 16. Rbc1 Qb8
17. Qf4 Qxf4 18. gxf4 a6 19. f5 O-O 20. Bh3 Bd7 21. fxe6 Bxe6
22. Bg2 Ne4 23. a3 f5 24. Be5 Bh4 25. Bd4 Rc4 26. Nxe4 dxe4
27. Rxc4 Bxc4 28. e3 Bb3 29. Rc1 Bf6 30. Rc3 Bd1 31. Bxf6 Rxf6
32. b4 Be2 33. Rc2 Bd3 34. Rc7 h6 35. f3 exf3 36. Bxf3 Bb5
37. h4 Rd6 38. Kf2 Rd2+ 39. Kg3 Rd3 40. Kf4 Rxa3 41. Bd5+ Kh7
42. Be6 Kg6 43. Bxf5+ Kf6 44. h5 Be8 45. e4 1-0

[Event "WJun Women"]
[Site "Athens GRE"]
[Date "2001.08.17"]
[EventDate "2001.08.16"]
[Round "2"]
[Result "0-1"]
[White "Ana-Cristina Calotescu"]
[Black "Koneru Humpy"]
[WhiteElo "2283"]
[BlackElo "2387"]
[PlyCount "114"]

1. Nf3 Nf6 2. c4 b6 3. g3 e6 4. Bg2 Bb7 5. O-O Be7 6. Nc3 O-O
7. Re1 d5 8. cxd5 exd5 9. d4 c5 10. dxc5 bxc5 11. Nh4 Qd7
12. e4 d4 13. Nf5 Re8 14. Na4 Bf8 15. Bf4 Na6 16. b3 Nc7
17. Bxc7 Qxc7 18. Rc1 Qa5 19. e5 Bxg2 20. Kxg2 Nd7 21. f4 Qa6
22. Qe2 Qe6 23. Qd3 Rad8 24. Kg1 Qg6 25. Nb2 Nb6 26. Nh4 Qc6
27. Nf3 Qd7 28. Ng5 g6 29. Ne4 Nd5 30. Nc4 Qg4 31. Kg2 Nxf4+
32. Kh1 Nxd3 33. Nf6+ Kg7 34. Nxg4 Nxe1 35. Rxe1 Be7 36. Nf2
d3 37. Rd1 f6 38. e6 Bf8 39. Kg2 Rxe6 40. Kf3 d2 41. Rxd2 Rxd2
42. Nxd2 f5 43. Nc4 Be7 44. h4 Bf6 45. Nd3 Bd4 46. a3 Re4
47. a4 h6 48. Kg2 Re2+ 49. Kf3 Rc2 50. Na5 Kf6 51. Nc6 Rc3
52. Ke2 Rxb3 53. Kd2 Rb6 54. Nxa7 c4 55. Nf4 Rb2+ 56. Kc1 c3
57. Nc6 Be3+ 0-1

[Event "WJun Women"]
[Site "Athens GRE"]
[Date "2001.08.18"]
[EventDate "2001.08.16"]
[Round "3"]
[Result "1-0"]
[White "Koneru Humpy"]
[Black "Nana Dzagnidze"]
[WhiteElo "2387"]
[BlackElo "2321"]
[PlyCount "113"]

1. Nf3 Nf6 2. g3 b6 3. Bg2 Bb7 4. O-O e6 5. b3 Be7 6. Bb2 O-O
7. c4 c5 8. d4 cxd4 9. Qxd4 Nc6 10. Qf4 d5 11. Rd1 Qb8 12. Ne5
Nxe5 13. Bxe5 Qc8 14. Nd2 Nd7 15. Bb2 Bf6 16. Bxf6 Nxf6
17. Rac1 Qb8 18. Qxb8 Raxb8 19. cxd5 Bxd5 20. Nc4 Rfd8 21. Ne5
Bxg2 22. Kxg2 Rxd1 23. Rxd1 Nd5 24. e4 Nc3 25. Rd7 f6 26. Nc6
Ra8 27. Nd4 Nxa2 28. Nxe6 g6 29. Nc7 Rf8 30. Nd5 Rf7 31. Rd8+
Kg7 32. Rc8 a5 33. Rb8 Nc1 34. Rxb6 Nd3 35. f4 Nc5 36. Kf3 Rb7
37. Rxb7+ Nxb7 38. Ke3 Nc5 39. b4 axb4 40. Nxb4 Nb3 41. Kd3
Kf7 42. Kc3 Na5 43. Nd3 Ke7 44. Kd4 Kd6 45. e5+ fxe5+
46. fxe5+ Ke7 47. Kd5 Nb7 48. Nc5 Na5 49. e6 Ke8 50. g4 h6
51. Nd7 Ke7 52. Ne5 Kf6 53. Nf7 Kg7 54. Nxh6 Kf8 55. Nf7 Ke7
56. h4 Nb3 57. Ne5 1-0

[Event "WJun Women"]
[Site "Athens GRE"]
[Date "2001.08.19"]
[EventDate "2001.08.16"]
[Round "4"]
[Result "1-0"]
[White "Gu Xiaobing"]
[Black "Koneru Humpy"]
[WhiteElo "2300"]
[BlackElo "2387"]
[PlyCount "105"]

1. e4 c6 2. d4 d5 3. Nc3 dxe4 4. Nxe4 Nd7 5. Ng5 Ngf6 6. Bd3
e6 7. N1f3 Bd6 8. Qe2 h6 9. Ne4 Nxe4 10. Qxe4 Nf6 11. Qh4 Ke7
12. Ne5 Bxe5 13. dxe5 Qa5+ 14. c3 Qxe5+ 15. Be3 Rd8 16. O-O-O
Qh5 17. Qb4+ Ke8 18. c4 b6 19. g4 Qh4 20. Rhg1 c5 21. Qc3 Bb7
22. g5 hxg5 23. Bxg5 Qxf2 24. h4 Rd6 25. Rgf1 Qd4 26. Qe1 Qg4
27. Qe5 Qd4 28. Qe1 Rdd8 29. h5 Qg4 30. Qe5 Bf3 31. Bxf6 Rd7
32. h6 gxf6 33. Qxf6 Be4 34. h7 Bxh7 35. Bxh7 Qxc4+ 36. Kb1
Rad8 37. Rc1 Qd4 38. Qg5 Qh8 39. Be4 Rd6 40. Rce1 Qf8 41. Bg6
R8d7 42. Qf6 Re7 43. Rh1 fxg6 44. Rh8 Qxh8 45. Qxh8+ Kd7
46. Qa8 a5 47. Qb7+ Kd8 48. Qb8+ Kd7 49. Re5 Rc6 50. Rg5 e5
51. Qb7+ Rc7 52. Qd5+ Kc8 53. Rxg6 1-0

[Event "WJun Women"]
[Site "Athens GRE"]
[Date "2001.08.20"]
[EventDate "2001.08.16"]
[Round "5"]
[Result "1/2-1/2"]
[White "Koneru Humpy"]
[Black "Sopiko Khukhashvili"]
[WhiteElo "2387"]
[BlackElo "2295"]
[PlyCount "71"]

1. Nf3 Nf6 2. g3 b5 3. Bg2 Bb7 4. O-O e6 5. d3 d5 6. c4 a6
7. cxd5 Nxd5 8. a4 b4 9. a5 Be7 10. Nbd2 O-O 11. Nc4 Nd7
12. Qc2 Rb8 13. Rd1 Ba8 14. e4 b3 15. Qe2 Nb4 16. Be3 Nc2
17. Rac1 Nc5 18. Ne1 Nd4 19. Bxd4 Qxd4 20. Nf3 Qd8 21. Nfe5
Qd4 22. Nf3 Qd7 23. d4 Nxe4 24. Nfe5 Qd5 25. Ne3 Qd6 26. N3c4
Qd5 27. Bxe4 Qxe4 28. Qxe4 Bxe4 29. Nd7 Rb4 30. Nxf8 Bc2
31. Ne5 Bxf8 32. Rd2 Ra4 33. Nc6 Rc4 34. Ne5 Ra4 35. Nc6 Rc4
36. Ne5 1/2-1/2

[Event "WJun Women"]
[Site "Athens GRE"]
[Date "2001.08.23"]
[EventDate "2001.08.16"]
[Round "7"]
[Result "1-0"]
[White "Koneru Humpy"]
[Black "M Kasturi"]
[WhiteElo "2387"]
[BlackElo "2115"]
[PlyCount "93"]

1. Nf3 g6 2. d4 Bg7 3. g3 Nf6 4. Bg2 d6 5. O-O O-O 6. c4 Nbd7
7. Nc3 e5 8. b3 c6 9. Bb2 Re8 10. e4 Qb6 11. Qd2 exd4 12. Nxd4
Nc5 13. Rfe1 Bd7 14. Rad1 Rad8 15. h3 Bc8 16. Kh2 Ne6 17. Nxe6
Bxe6 18. Ne2 a5 19. Bc3 Rd7 20. f4 Rde7 21. Bd4 Qc7 22. Bf3
Bc8 23. Bxf6 Bxf6 24. Qxd6 Qxd6 25. Rxd6 Re6 26. Rd3 Rd8
27. Rxd8+ Bxd8 28. Bg4 f5 29. exf5 Re8 30. fxg6 Bxg4 31. gxh7+
Kh8 32. hxg4 Bf6 33. g5 Bc3 34. Nxc3 Rxe1 35. g6 Re3 36. Na4
Re2+ 37. Kh3 Rxa2 38. c5 Ra3 39. f5 Rxb3 40. f6 Rf3 41. f7 Kg7
42. Nb6 Rf1 43. Kg2 Rf5 44. Nd7 a4 45. f8=Q+ Rxf8 46. Nxf8 a3
47. Ne6+ 1-0

[Event "WJun Women"]
[Site "Athens GRE"]
[Date "2001.08.24"]
[EventDate "2001.08.16"]
[Round "8"]
[Result "1-0"]
[White "Koneru Humpy"]
[Black "Aarthie Ramaswamy"]
[WhiteElo "2387"]
[BlackElo "2249"]
[PlyCount "59"]

1. d4 Nf6 2. g3 g6 3. Bg2 Bg7 4. Nf3 O-O 5. O-O d6 6. Re1 c5
7. d5 b5 8. a4 Bb7 9. e4 a6 10. Na3 Nbd7 11. Bf1 b4 12. Nc4 a5
13. Rb1 Nb6 14. Nxb6 Qxb6 15. Nd2 Qc7 16. Nc4 Rfe8 17. b3 e6
18. Bf4 Rad8 19. Qc1 exd5 20. Nxd6 Rxd6 21. e5 Rde6 22. exf6
Qc6 23. Rxe6 Rxe6 24. Bb5 Qc8 25. fxg7 c4 26. Qf1 cxb3
27. cxb3 d4 28. Qc4 Qa8 29. Qc5 Bh1 30. Qf8+ 1-0

[Event "WJun Women"]
[Site "Athens GRE"]
[Date "2001.08.26"]
[EventDate "2001.08.16"]
[Round "10"]
[Result "1/2-1/2"]
[White "Koneru Humpy"]
[Black "Xu Yuanyuan"]
[WhiteElo "2387"]
[BlackElo "2431"]
[PlyCount "54"]

1. d4 d5 2. g3 c5 3. Nf3 cxd4 4. Nxd4 e5 5. Nb3 Nc6 6. Bg2 Be6
7. O-O Nf6 8. Bg5 Be7 9. Bxf6 gxf6 10. e4 d4 11. N1d2 O-O
12. Nc1 Qb6 13. Rb1 Rac8 14. a3 Na5 15. Nd3 Nc4 16. Nxc4 Rxc4
17. f4 Qc7 18. Rc1 Rc8 19. fxe5 fxe5 20. Qh5 Rxc2 21. Rxc2
Qxc2 22. Bh3 Qxd3 23. Bxe6 Qe3+ 24. Rf2 Qe1+ 25. Rf1 Qe3+
26. Rf2 Qe1+ 27. Rf1 Qe3+ 1/2-1/2

[Event "WJun Women"]
[Site "Athens GRE"]
[Date "2001.08.27"]
[EventDate "2001.08.16"]
[Round "11"]
[Result "1-0"]
[White "Zhao Xue"]
[Black "Koneru Humpy"]
[WhiteElo "2372"]
[BlackElo "2387"]
[PlyCount "119"]

1. d4 Nf6 2. c4 e6 3. Nc3 Bb4 4. Qc2 c5 5. dxc5 Bxc5 6. Nf3 b6
7. Bg5 Bb7 8. e4 Be7 9. Rd1 Na6 10. Be2 h6 11. Bh4 Nc5 12. e5
Nfe4 13. Bxe7 Qxe7 14. Nb5 O-O 15. b4 Na6 16. a3 Ng5 17. Qd3
Bc6 18. O-O Nxf3+ 19. Bxf3 f6 20. exf6 Qxf6 21. Be4 Rfd8
22. Nd6 Bxe4 23. Qxe4 Rab8 24. Nb5 Qe7 25. Rd3 Qe8 26. Rfd1 d5
27. Qh4 Rdc8 28. Nd6 Qd8 29. Qf4 Rc6 30. Nb5 Nc7 31. Nxa7 Rd6
32. b5 Qf8 33. Qe5 Rd7 34. Nc6 Ra8 35. Qe3 Rf7 36. g3 Kh7
37. Ne5 Rf5 38. Nd7 Qf7 39. Nxb6 Rf8 40. Rf1 Qh5 41. a4 Qh3
42. Qe2 dxc4 43. Nxc4 Nd5 44. Ne5 h5 45. f4 g5 46. g4 Rxe5
47. fxe5 Rxf1+ 48. Qxf1 Qxg4+ 49. Rg3 Qd4+ 50. Kh1 Nf4 51. Qf3
g4 52. Qc6 Qxa4 53. Rg1 Nd5 54. Re1 Qb3 55. Qd7+ Kh8 56. Rf1
Qb4 57. Qe8+ Kg7 58. Rf7+ Kh6 59. Qxe6+ Kg5 60. Qxd5 1-0

[Event "WJun Women"]
[Site "Athens GRE"]
[Date "2001.08.28"]
[EventDate "2001.08.16"]
[Round "12"]
[Result "0-1"]
[White "Olga Zimina"]
[Black "Koneru Humpy"]
[WhiteElo "2312"]
[BlackElo "2387"]
[PlyCount "86"]

1. e4 c6 2. d4 d5 3. Nc3 dxe4 4. Nxe4 Nd7 5. Nf3 Ngf6 6. Nxf6+
Nxf6 7. c3 e6 8. Bd3 Be7 9. Qe2 O-O 10. Be3 Qc7 11. O-O b6
12. Ne5 c5 13. Qf3 Bb7 14. Qh3 Be4 15. Rad1 Rad8 16. Rfe1 Bxd3
17. Rxd3 c4 18. Rd2 Nd5 19. f4 f5 20. Nf3 Rfe8 21. Rde2 Bf6
22. Bd2 Nxf4 23. Bxf4 Qxf4 24. Rxe6 Rxe6 25. Rxe6 Qc1+ 26. Re1
Qxb2 27. Qxf5 Qxc3 28. Qe6+ Kf8 29. h4 Qd3 30. Re4 Qb1+
31. Kh2 Qb5 32. Ng5 Bxg5 33. hxg5 Qxg5 34. Re3 Qh6+ 35. Qxh6
gxh6 36. Re4 c3 37. Re3 Rc8 38. Re1 c2 39. Rc1 Ke7 40. Kg3 Kd6
41. Kf3 Kd5 42. Ke3 Rc3+ 43. Kd2 Kxd4 0-1

[Event "FSGM October"]
[Site "Budapest HUN"]
[Date "2001.10.09"]
[EventDate "2001.10.06"]
[Round "4"]
[Result "1-0"]
[White "Koneru Humpy"]
[Black "Sandor Biro"]
[WhiteElo "2484"]
[BlackElo "2360"]
[PlyCount "115"]

1. d4 Nf6 2. Nf3 b5 3. g3 Bb7 4. Bg2 e6 5. O-O Be7 6. Nbd2 c5
7. c4 bxc4 8. Nxc4 cxd4 9. Qxd4 d5 10. Nce5 O-O 11. Qa4 Nfd7
12. Be3 Nc5 13. Qd1 a5 14. Nd4 Bd6 15. Nb5 Bxe5 16. Bxc5 Re8
17. Qd2 Na6 18. Be3 Nb4 19. f4 Bf6 20. Rfc1 Nc6 21. Nd4 Qd7
22. Nxc6 Bxc6 23. Bd4 Bxd4+ 24. Qxd4 Reb8 25. Rc2 Qb7 26. Rac1
Be8 27. e4 Rd8 28. exd5 exd5 29. Rc5 Qa7 30. Rxd5 Qxd4+
31. Rxd4 Rxd4 32. Bxa8 Kf8 33. Rc2 Bd7 34. Bf3 Be6 35. a3 Bb3
36. Rf2 Ke7 37. Kf1 Kd6 38. Ke1 Kc5 39. Re2 Rd1+ 40. Kf2 Rb1
41. Rd2 Bc4 42. Be4 Rf1+ 43. Kg2 Re1 44. Bf3 Rc1 45. Bd1 Kb5
46. Kf2 a4 47. Ke3 Bb3 48. Bxb3 axb3 49. Rd3 Kc4 50. Rd4+ Kc5
51. Rb4 Rc2 52. Rxb3 Rxh2 53. Rb7 Kc6 54. Rxf7 Rxb2 55. Rxg7
Kd5 56. Rxh7 Rb3+ 57. Kf2 Rxa3 58. Re7 1-0

[Event "FSGM October"]
[Site "Budapest HUN"]
[Date "2001.10.10"]
[EventDate "2001.10.06"]
[Round "5"]
[Result "1/2-1/2"]
[White "Liuben D Spassov"]
[Black "Koneru Humpy"]
[WhiteElo "2386"]
[BlackElo "2484"]
[PlyCount "146"]

1. Nf3 Nf6 2. c4 b6 3. Nc3 Bb7 4. d4 e6 5. a3 d5 6. Bg5 Be7
7. e3 O-O 8. Rc1 c5 9. cxd5 exd5 10. Be2 h6 11. Bh4 Nbd7
12. O-O Rc8 13. dxc5 bxc5 14. Qa4 Qb6 15. Bb5 Nb8 16. Rfd1
Rfd8 17. Be2 Bc6 18. Bb5 d4 19. Bxc6 dxc3 20. Rxd8+ Rxd8
21. Bb5 a6 22. Bf1 cxb2 23. Rb1 Nc6 24. Qc2 Rb8 25. Bg3 Qb3
26. Qxb3 Rxb3 27. Nd2 Rxa3 28. Rxb2 Nb4 29. Rb1 Ra2 30. Rd1
Nfd5 31. Nb1 Bf6 32. h3 Rc2 33. Na3 Nc3 34. Nxc2 Nxd1 35. Na3
Nc3 36. f3 Kf8 37. Bd6+ Be7 38. Be5 Ncd5 39. Nc4 f6 40. Bg3
Ke8 41. e4 Nc3 42. Kf2 Nb5 43. Ke3 Kd7 44. Kd2 Bd8 45. Bf2 Kc6
46. Be2 Bc7 47. g3 g5 48. Bd1 Nd4 49. Ke3 Ne6 50. Ba4+ Kb7
51. Be1 Nc6 52. h4 gxh4 53. gxh4 Bf4+ 54. Kd3 Ned4 55. Bd1
Ne5+ 56. Nxe5 fxe5 57. h5 Kc6 58. Kc4 Kd6 59. Ba5 Ne6 60. Be1
Be3 61. Kd3 Bf4 62. Bf2 Ng7 63. Kc4 Nxh5 64. Bxc5+ Ke6 65. Kd3
Ng3 66. Bb3+ Kd7 67. Ba4+ Kc7 68. Kc4 h5 69. Be7 Nf1 70. Be8
Nd2+ 71. Kd5 Nxf3 72. Bxh5 Nd2 73. Bd6+ Kb6 1/2-1/2

[Event "FSGM October"]
[Site "Budapest HUN"]
[Date "2001.10.11"]
[EventDate "2001.10.06"]
[Round "6"]
[Result "0-1"]
[White "Koneru Humpy"]
[Black "Hoang Thanh Trang"]
[WhiteElo "2484"]
[BlackElo "2439"]
[PlyCount "152"]

1. d4 f5 2. g3 Nf6 3. Bg2 g6 4. Nf3 Bg7 5. O-O O-O 6. b3 d6
7. Bb2 a5 8. c4 Na6 9. Nc3 c6 10. d5 Bd7 11. Nd4 Qe8 12. Na4
c5 13. Nf3 Qd8 14. Nc3 Nc7 15. Nd2 b5 16. cxb5 Nxb5 17. a4
Nxc3 18. Bxc3 Ne8 19. Bxg7 Nxg7 20. f4 Rb8 21. Rc1 Rb4 22. Rc3
Bc8 23. Nc4 Ba6 24. Qc2 Bxc4 25. Rxc4 Qb6 26. Rxb4 Qxb4
27. Rf3 Nh5 28. Qc3 Nf6 29. Re3 Kf7 30. Bf3 Qxc3 31. Rxc3 Rb8
32. Kf2 Rb4 33. e3 Nd7 34. Ke2 c4 35. Rxc4 Rxb3 36. Rc7 Rb2+
37. Ke1 Nc5 38. Ra7 Nxa4 39. Rxa5 Nc5 40. Be2 Ne4 41. Kf1 Rb3
42. Bf3 Rxe3 43. Bxe4 Rxe4 44. Kf2 Rc4 45. h3 Rc5 46. Ra8 Rxd5
47. g4 Rd3 48. Kg2 Re3 49. Rh8 Kg7 50. Re8 fxg4 51. hxg4 h5
52. Kf2 Rb3 53. gxh5 gxh5 54. Rd8 Kf7 55. Rh8 Rb5 56. Kf3 Rf5
57. Ke4 e6 58. Rh7+ Kg6 59. Re7 d5+ 60. Ke3 Rf6 61. Re8 Kf5
62. Kf3 Rh6 63. Rf8+ Kg6 64. Kg3 h4+ 65. Kh3 Kg7 66. Re8 Kf7
67. Ra8 Ke7 68. Rb8 Kd6 69. Rb6+ Kc5 70. Ra6 d4 71. f5 Kd5
72. Ra5+ Ke4 73. fxe6 Rxe6 74. Kxh4 d3 75. Ra8 d2 76. Rd8 Ke3
0-1

[Event "FSGM October"]
[Site "Budapest HUN"]
[Date "2001.10.14"]
[EventDate "2001.10.06"]
[Round "9"]
[Result "1/2-1/2"]
[White "Tibor Fogarasi"]
[Black "Koneru Humpy"]
[WhiteElo "2450"]
[BlackElo "2484"]
[PlyCount "56"]

1. e4 c6 2. d4 d5 3. Nc3 dxe4 4. Nxe4 Nd7 5. Ng5 Ngf6 6. Bd3
e6 7. N1f3 Bd6 8. Qe2 h6 9. Ne4 Nxe4 10. Qxe4 Nf6 11. Qe2 Qc7
12. Bd2 b6 13. O-O-O Bb7 14. Kb1 O-O-O 15. c4 c5 16. Bc3 Kb8
17. dxc5 Bxc5 18. Bc2 Kc8 19. Ne5 Rxd1+ 20. Rxd1 Rd8 21. Rxd8+
Kxd8 22. f4 Ke7 23. g4 Qd6 24. a3 Bd4 25. Bb4 Bc5 26. Bc3 Bd4
27. Bb4 Bc5 28. Bc3 Bd4 1/2-1/2

[Event "FSGM October"]
[Site "Budapest HUN"]
[Date "2001.10.15"]
[EventDate "2001.10.06"]
[Round "10"]
[Result "1/2-1/2"]
[White "Attila Jakab"]
[Black "Koneru Humpy"]
[WhiteElo "2369"]
[BlackElo "2484"]
[PlyCount "82"]

1. d4 Nf6 2. c4 e6 3. Nc3 Bb4 4. e3 c5 5. Bd3 cxd4 6. exd4 d5
7. Nf3 dxc4 8. Bxc4 O-O 9. O-O Nc6 10. a3 Be7 11. Bg5 a6
12. Qd3 b5 13. Ba2 Bb7 14. Rad1 Rc8 15. Rfe1 b4 16. Na4 bxa3
17. bxa3 Na5 18. Bb1 g6 19. Ne5 Nd5 20. Bh6 Re8 21. Qh3 Bg5
22. Bxg5 Qxg5 23. Nxf7 Kxf7 24. Qxh7+ Kf6 25. Re5 Rc1 26. Nb2
Rxd1+ 27. Nxd1 Qg4 28. f3 Qxd4+ 29. Nf2 Nf4 30. Rxa5 Qe3
31. h4 Bd5 32. Ra4 e5 33. Rxa6+ Be6 34. Ra7 Ne2+ 35. Kf1 Ng3+
36. Kg1 Qe1+ 37. Kh2 Nf1+ 38. Kg1 Nd2+ 39. Kh2 Nf1+ 40. Kg1
Nd2+ 41. Kh2 Nf1+ 1/2-1/2

[Event "TSGM October"]
[Site "Belgrade YUG"]
[Date "2001.10.20"]
[EventDate "2001.10.20"]
[Round "1"]
[Result "1-0"]
[White "Koneru Humpy"]
[Black "Josep Manuel Lopez Martinez"]
[WhiteElo "2484"]
[BlackElo "2474"]
[PlyCount "53"]

1. Nf3 d5 2. g3 c6 3. Bg2 Nf6 4. b3 Bf5 5. Bb2 e6 6. O-O h6
7. d3 Be7 8. Nbd2 O-O 9. Re1 Nbd7 10. a3 Bh7 11. e4 a5 12. Qe2
b5 13. Bh3 dxe4 14. dxe4 Qc7 15. Rad1 Nc5 16. Ne5 Ncxe4
17. Nxe4 Bxe4 18. Nxf7 Rxf7 19. Bxe6 Bg6 20. Bxf6 Bxf6 21. Rd7
Qb6 22. Qg4 Bg5 23. Qf3 Bf6 24. Qg4 Bg5 25. Re2 Raf8 26. h4
Bf5 27. Qxf5 1-0

[Event "TSGM October"]
[Site "Belgrade YUG"]
[Date "2001.10.21"]
[EventDate "2001.10.20"]
[Round "2"]
[Result "1/2-1/2"]
[White "Milko Popchev"]
[Black "Koneru Humpy"]
[WhiteElo "2452"]
[BlackElo "2484"]
[PlyCount "23"]

1. d4 Nf6 2. Nf3 e6 3. e3 c5 4. Bd3 Nc6 5. O-O d5 6. b3 Be7
7. Bb2 O-O 8. a3 b6 9. Nbd2 Bb7 10. Ne5 Nxe5 11. dxe5 Ne4
12. Nxe4 1/2-1/2

[Event "TSGM October"]
[Site "Belgrade YUG"]
[Date "2001.10.23"]
[EventDate "2001.10.20"]
[Round "4"]
[Result "0-1"]
[White "Dragutin Sahovic"]
[Black "Koneru Humpy"]
[WhiteElo "2387"]
[BlackElo "2484"]
[PlyCount "53"]

1. d4 Nf6 2. c4 e6 3. Nf3 b6 4. g3 Bb7 5. Bg2 Be7 6. O-O O-O
7. Nc3 Ne4 8. Bd2 f5 9. Rc1 Bf6 10. d5 Na6 11. a3 c5 12. Qb3
Nc7 13. Rfd1 exd5 14. cxd5 d6 15. Be3 Kh8 16. Nxe4 fxe4
17. Ne1 Re8 18. Rd2 b5 19. Rcd1 Qd7 20. Qc2 Qf5 21. Bf4 Nxd5
22. Bxd6 Bd4 23. e3 Nxe3 24. fxe3 Bxe3+ 25. Kh1 Bxd2 26. Rxd2
e3 27. Re2 0-1

[Event "TSGM October"]
[Site "Belgrade YUG"]
[Date "2001.10.25"]
[EventDate "2001.10.20"]
[Round "6"]
[Result "1/2-1/2"]
[White "Misa Pap"]
[Black "Koneru Humpy"]
[WhiteElo "2422"]
[BlackElo "2484"]
[PlyCount "54"]

1. e4 c6 2. d4 d5 3. Nd2 dxe4 4. Nxe4 Nd7 5. Ng5 Ngf6 6. Bd3
e6 7. Qe2 Bd6 8. N1f3 h6 9. Ne4 Nxe4 10. Qxe4 Nf6 11. Qe2 Qc7
12. Bd2 b6 13. O-O-O Bb7 14. Ne5 O-O-O 15. f4 Rhe8 16. Rhe1
Kb8 17. g3 Ka8 18. Kb1 c5 19. Bb5 Rf8 20. dxc5 Bxc5 21. Be3
Bxe3 22. Qxe3 Be4 23. Bd3 Bb7 24. Bb5 Be4 25. Bd3 Bb7 26. Be2
Be4 27. Bd3 Bb7 1/2-1/2

[Event "TSGM October"]
[Site "Belgrade YUG"]
[Date "2001.10.29"]
[EventDate "2001.10.20"]
[Round "10"]
[Result "0-1"]
[White "Dusko Prelevic"]
[Black "Koneru Humpy"]
[WhiteElo "2358"]
[BlackElo "2484"]
[PlyCount "90"]

1. d4 Nf6 2. c4 e6 3. Nc3 Bb4 4. Qc2 Nc6 5. Nf3 d6 6. Bd2 a5
7. a3 Bxc3 8. Bxc3 Qe7 9. e4 e5 10. d5 Nb8 11. b3 O-O 12. Nd2
Nh5 13. g3 f5 14. exf5 Bxf5 15. Bd3 Bxd3 16. Qxd3 Nd7 17. O-O
Nc5 18. Qe3 Qd7 19. Bxa5 Rxa5 20. b4 Ra6 21. bxc5 dxc5 22. Nf3
Rh6 23. Ng5 Nf4 24. f3 Qf5 25. h4 Rg6 26. Rae1 h6 27. Qxe5
hxg5 28. Qxf5 Rxf5 29. gxf4 gxh4+ 30. Kf2 Rxf4 31. Re4 Rgf6
32. Ke3 Rxe4+ 33. Kxe4 Ra6 34. Rh1 Ra4 35. f4 Rxc4+ 36. Ke5
Rc3 37. Rxh4 Re3+ 38. Kf5 c4 39. a4 c3 40. Rh2 Kf7 41. Rc2 Ke7
42. Rg2 Kd6 43. Rxg7 c2 44. Rg1 Kxd5 45. Rc1 Re2 0-1

[Event "TSGM October"]
[Site "Belgrade YUG"]
[Date "2001.10.30"]
[EventDate "2001.10.20"]
[Round "11"]
[Result "1/2-1/2"]
[White "Koneru Humpy"]
[Black "Ognjan Todorov"]
[WhiteElo "2484"]
[BlackElo "2381"]
[PlyCount "22"]

1. Nf3 Nf6 2. g3 d5 3. Bg2 c6 4. O-O Bf5 5. b3 e6 6. Bb2 Nbd7
7. d3 Be7 8. Nbd2 O-O 9. Re1 h6 10. e4 dxe4 11. dxe4 Bh7
1/2-1/2

[Event "FSGMA December"]
[Site "Budapest HUN"]
[Date "2001.12.02"]
[EventDate "2001.12.01"]
[Round "2"]
[Result "1-0"]
[White "Gergely Antal"]
[Black "Koneru Humpy"]
[WhiteElo "2426"]
[BlackElo "2484"]
[PlyCount "71"]

1. e4 c6 2. d4 d5 3. e5 Bf5 4. Nc3 e6 5. g4 Bg6 6. Nge2 f6
7. Nf4 Bf7 8. exf6 gxf6 9. Qe2 Qe7 10. Nd3 Nd7 11. f4 Bg7
12. Be3 e5 13. fxe5 fxe5 14. Nxe5 Nxe5 15. dxe5 Qxe5 16. O-O-O
Nf6 17. g5 Ne4 18. Bd4 Qxg5+ 19. Kb1 Bxd4 20. Nxe4 dxe4
21. Rxd4 O-O 22. Rxe4 Kh8 23. Qe1 Rae8 24. Bd3 Qg7 25. Rg1
Rxe4 26. Bxe4 Qf6 27. Bd3 Re8 28. Qd2 Qd4 29. Rg3 Bc4 30. b3
Bxd3 31. Rxd3 Qf6 32. Rd7 Rg8 33. Qd1 Qf2 34. Qd6 Re8 35. Kb2
c5 36. Qh6 1-0

[Event "FSGMA December"]
[Site "Budapest HUN"]
[Date "2001.12.04"]
[EventDate "2001.12.01"]
[Round "4"]
[Result "1/2-1/2"]
[White "Jozsef Horvath"]
[Black "Koneru Humpy"]
[WhiteElo "2551"]
[BlackElo "2484"]
[PlyCount "92"]

1. Nf3 Nf6 2. c4 b6 3. g3 Bb7 4. Bg2 e6 5. d4 Be7 6. O-O O-O
7. b3 d5 8. cxd5 exd5 9. Bb2 Na6 10. Nc3 c5 11. Rc1 Re8 12. e3
Nc7 13. dxc5 bxc5 14. Na4 Nd7 15. Ne5 Nxe5 16. Bxe5 Ne6
17. Qg4 Qd7 18. Rfd1 Rad8 19. Nc3 d4 20. exd4 Bxg2 21. d5 Bf3
22. Qxf3 Ng5 23. Qg2 Nh3+ 24. Kh1 f6 25. Bf4 Nxf4 26. gxf4 f5
27. Na4 Qb5 28. Qh3 Qe2 29. Qe3 Qh5 30. Rd3 Bd6 31. Qf3 Qh6
32. Rc4 Re1+ 33. Kg2 Rf8 34. Re3 Rxe3 35. Qxe3 Qg6+ 36. Qg3
Qf7 37. Qf3 Qg6+ 38. Kf1 Qf6 39. Nxc5 Qa1+ 40. Kg2 Rf6 41. Ne6
Rg6+ 42. Ng5 h6 43. Rc8+ Bf8 44. Rc6 Bd6 45. Rc8+ Bf8 46. Rc6
Bd6 1/2-1/2

[Event "FSGMA December"]
[Site "Budapest HUN"]
[Date "2001.12.05"]
[EventDate "2001.12.01"]
[Round "5"]
[Result "1-0"]
[White "Koneru Humpy"]
[Black "Albert Bokros"]
[WhiteElo "2484"]
[BlackElo "2429"]
[PlyCount "105"]

1. Nf3 Nf6 2. g3 b5 3. Bg2 Bb7 4. O-O e6 5. d3 d5 6. Nbd2 Be7
7. e4 c5 8. Qe2 Nc6 9. c3 Qc7 10. Re1 a5 11. Nf1 a4 12. Bf4
Qa5 13. Bd2 Qb6 14. Rab1 O-O 15. e5 Nd7 16. h4 c4 17. d4 a3
18. Ne3 b4 19. Bh3 axb2 20. Rxb2 Qc7 21. cxb4 Nb6 22. b5 Nb8
23. Ng4 Ra3 24. Rc2 c3 25. Rec1 Na4 26. Ng5 Qc4 27. Qd1 Qxd4
28. Nf3 Qe4 29. Ng5 Qb4 30. Rb1 Qd4 31. Nf3 Qe4 32. Ng5 Bxg5
33. Bxg5 d4 34. f3 Qxf3 35. Qxf3 Bxf3 36. Be7 Be4 37. Bxa3
Bxc2 38. Rc1 Rc8 39. Rxc2 d3 40. Rf2 d2 41. Ne3 Nb2 42. Bg4 c2
43. Nxc2 Rxc2 44. Bxb2 Rxb2 45. a4 Nd7 46. Bd1 Nxe5 47. Kf1
Kf8 48. Rf4 Nd3 49. Rd4 Nc1 50. Kf2 e5 51. Rd5 e4 52. Ke3 Nd3
53. a5 1-0

[Event "FSGMA December"]
[Site "Budapest HUN"]
[Date "2001.12.07"]
[EventDate "2001.12.01"]
[Round "7"]
[Result "1-0"]
[White "Koneru Humpy"]
[Black "Zoltan Varga"]
[WhiteElo "2484"]
[BlackElo "2506"]
[PlyCount "73"]

1. Nf3 c5 2. g3 Nc6 3. d4 cxd4 4. Nxd4 Qb6 5. Nb3 Nf6 6. Bg2
e6 7. O-O d5 8. Nc3 Bb4 9. e4 d4 10. Ne2 e5 11. Bg5 Be7 12. c3
h6 13. Bxf6 Bxf6 14. cxd4 exd4 15. Nf4 O-O 16. Nd5 Qd8 17. Qd2
a5 18. a4 Be6 19. Rac1 d3 20. Nc5 Bxd5 21. exd5 Nb4 22. Rfd1
Rb8 23. Nxd3 Nxd3 24. Qxd3 Bxb2 25. Rb1 Qf6 26. d6 b5 27. Qc2
bxa4 28. Qxa4 Bc3 29. Rxb8 Rxb8 30. d7 Rd8 31. h4 g6 32. Rd3
Be1 33. Rf3 Qb6 34. Re3 Bb4 35. Re8+ Kg7 36. Qc6 Qb8 37. Qc8
1-0

[Event "FSGMA December"]
[Site "Budapest HUN"]
[Date "2001.12.08"]
[EventDate "2001.12.01"]
[Round "8"]
[Result "0-1"]
[White "Adam Horvath"]
[Black "Koneru Humpy"]
[WhiteElo "2490"]
[BlackElo "2484"]
[PlyCount "74"]

1. e4 c6 2. d4 d5 3. Nc3 dxe4 4. Nxe4 Nd7 5. Ng5 Ngf6 6. Bd3
e6 7. N1f3 Bd6 8. Qe2 h6 9. Ne4 Nxe4 10. Qxe4 Nf6 11. Qe2 Qc7
12. Bd2 b6 13. O-O-O Bb7 14. Kb1 O-O-O 15. c4 c5 16. Bc3 Nh5
17. g3 cxd4 18. Nxd4 Bxh1 19. Rxh1 Nf6 20. c5 bxc5 21. Ba6+
Kb8 22. Ba5 Qd7 23. Bb5 cxd4 24. Bxd7 Rxd7 25. Rc1 Nd5 26. Qc4
Be5 27. f4 Bf6 28. Qc6 Rb7 29. Rc5 Ka8 30. Rb5 Rhb8 31. f5 Ne7
32. Qf3 Nd5 33. Rxb7 Rxb7 34. fxe6 fxe6 35. Qd3 Re7 36. Bd8
Rb7 37. Bxf6 Nc3+ 0-1